Central Library OPAC University of Rajshahi

শত অণু গল্প / (Record no. 38962)

MARC details
000 -LEADER
fixed length control field 00811nam a2200229 a 4500
001 - CONTROL NUMBER
control field 38962
003 - CONTROL NUMBER IDENTIFIER
rucl marc code BD-RjUL
005 - DATE AND TIME OF LATEST TRANSACTION
control field 20211209052906.0
008 - FIXED-LENGTH DATA ELEMENTS--GENERAL INFORMATION
fixed length control field 160324s2013 bg ||||e |||| 00| 0 ben d
020 ## - INTERNATIONAL STANDARD BOOK NUMBER
International Standard Book Number 9789848954691
Terms of availability : TK 300.00
035 ## - SYSTEM CONTROL NUMBER
System control number 39072
040 ## - CATALOGING SOURCE
Original cataloging agency BD-RjUL
Language of cataloging ben
Transcribing agency BD-RjUL
041 ## - LANGUAGE CODE
Language code of text/sound track or separate title ben
082 ## - DEWEY DECIMAL CLASSIFICATION NUMBER
Edition number 23
Classification number 891.443
Author mark and year ALS 2013
100 ## - MAIN ENTRY--PERSONAL NAME
Personal name আলী, মো. নওসাদ.
9 (RLIN) 120284
245 10 - TITLE STATEMENT
Title শত অণু গল্প /
Statement of responsibility, etc. মো. নওসাদ আলী
260 ## - PUBLICATION, DISTRIBUTION, ETC. (IMPRINT)
Place of publication, distribution, etc. ঢাকা :
Name of publisher, distributor, etc. এশিয়া পাবলিকেশনস,
Date of publication, distribution, etc. ২০১৩
300 ## - PHYSICAL DESCRIPTION
Pagination [৬], ২২১ পৃ. ;
Size ২২ সেমি.
650 ## - SUBJECT ADDED ENTRY--TOPICAL TERM
Topical term or geographic name as entry element বাংলা সাহিত্য
Form subdivision ছোটগল্প
9 (RLIN) 120351
Topical term or geographic name as entry element Bengali Literature
Form subdivision Short Stories
9 (RLIN) 120387
942 ## - ADDED ENTRY ELEMENTS (KOHA)
Source of classification or shelving scheme Dewey Decimal Classification
Koha item type Books
Holdings
Lost status Source of classification or shelving scheme Damaged status Not for loan Collection code Permanent Location Current Location Shelving location Date acquired Source of acquisition Total Checkouts Full call number Date last seen Copy number Koha item type
  Dewey Decimal Classification   Not For Loan Non-fiction Central Library, University of Rajshahi Central Library, University of Rajshahi Reading Room 12/11/2014 RUCL   B 891.443 ALS 2013 24/03/2016 C-1 Books